[Event "It (open)"]
[Site "masterchessopen.com – Las Vegas (USA)"]
[Round "0"]
[White "Zapata Alonso (COL)"]
[Black "Rohde Michael A (USA)"]
[Result "1-0"]
[WhiteElo "2510"]
[BlackElo "2550"]

1.e4 e6 2.d4 d5 3.Nd2 Be7 4.Ngf3 Nf6 5.Bd3 c5 6.dxc5 dxe4 7.Nxe4 Nxe4 8.Bxe4
Qxd1+ 9.Kxd1 Bxc5 10.Ke2 O-O 11.Rd1 Be7 12.Bf4 Na6 13.c3 Nc5 14.Bc2 Bd7 15.a4
Bc6 16.Ne5 Bxg2 17.Rg1 Bc6 18.Bh6 Bf6 19.Rxg7+ Bxg7 20.Rg1 f5 21.Rxg7+ Kh8
22.Rg5 {#r} 1-0

[Event "corr."]
[Site "masterchessopen.com – Netherlands"]
[Round "0"]
[White "Mostertman Loek G (NED)"]
[Black "Eleveld Henk (NED)"]
[Result "0-1"]
[WhiteElo "2071"]
[BlackElo "2065"]

1.e4 e6 2.d4 d5 3.Nd2 Be7 4.Ngf3 Nf6 5.e5 Ne4 6.Bd3 Nxd2 7.Bxd2 c5 8.c3 Nc6
9.O-O Bd7 10.dxc5 Bxc5 11.b4 Be7 12.Qe2 Rc8 13.Rae1 a6 14.Nd4 Qb6 15.Qg4 Nxd4
16.Qxg7 Rf8 17.cxd4 Qxd4 18.Qxh7 Bxb4 19.Be3 Qxe5 20.Re2 Bd6 21.f4 Qf6 22.Qh5
Rc3 23.Rd2 d4 24.Bf2 Qxf4 25.Be1 Qe3+ {#R} 0-1

[Event "Ch Slovakia"]
[Site "masterchessopen.com – Trencin (Slovakia)"]
[Round "0"]
[White "Felcir Jaroslav (SVK)"]
[Black "Dusa Dusan (SVK)"]
[Result "1-0"]
[WhiteElo "2193"]
[BlackElo "2146"]

1.e4 e6 2.d4 d5 3.Nd2 a6 4.c3 c5 5.e5 Nc6 6.Ngf3 Nge7 7.Be2 cxd4 8.cxd4 Nf5
9.Nb3 Bb4+ 10.Bd2 Qb6 11.O-O Ncxd4 12.Nbxd4 {#r} 1-0

[Event "Cup Donau (open)"]
[Site "masterchessopen.com – Budapest (Hungary)"]
[Round "0"]
[White "Nagy Janos (HUN)"]
[Black "Vigh Bela (HUN)"]
[Result "1-0"]
[WhiteElo "2214"]
[BlackElo "2349"]

1.e4 e6 2.d4 d5 3.Nd2 Nc6 4.c3 e5 5.Bb5 exd4 6.cxd4 Bd7 7.Ngf3 dxe4 8.Nxe4
Bb4+ 9.Bd2 Bxd2+ 10.Qxd2 Nf6 11.Nc5 O-O 12.O-O a6 13.Nxd7 Qxd7 14.Ba4 b5
15.Bb3 Rad8 16.Rfd1 Qd6 17.Rac1 Ne7 18.Qa5 Nfd5 19.Ne5 f6 20.Nd3 Kh8 21.Nc5
Qf4 22.Qe1 Qg4 23.f3 Qg6 24.Ne6 {#r} 1-0

[Event "It (open)"]
[Site "masterchessopen.com – Dortmund (Germany)"]
[Round "8"]
[White "Leko Peter (HUN)"]
[Black "Bischoff Dieter (GER)"]
[Result "1-0"]
[WhiteElo "2460"]
[BlackElo "2240"]

1.e4 e6 2.d4 d5 3.Nd2 Nc6 4.Ngf3 g6 5.Bb5 Bd7 6.Qe2 Nge7 7.O-O a6 8.Ba4 Bg7
9.c3 O-O 10.Bc2 f6 11.Re1 Nc8 12.h4 Be8 13.h5 Nd6 14.hxg6 hxg6 15.b3 Bf7
16.Ba3 Re8 17.Rad1 f5 18.e5 Ne4 19.Nxe4 fxe4 20.Nh2 Qh4 21.f3 exf3 22.Nxf3 Qh5
23.Kf1 {#r} 1-0

[Event "It (open) \"]
[Site "masterchessopen.com – Leeuwarden (Netherlands)"]
[Round "3"]
[White "Nijboer Friso (NED)"]
[Black "Visser Yge (NED)"]
[Result "1-0"]
[WhiteElo "2485"]
[BlackElo "2325"]

1.e4 e6 2.d4 d5 3.Nd2 Ne7 4.Bd3 c5 5.dxc5 Nd7 6.Nb3 Nxc5 7.Nxc5 Qa5+ 8.c3 Qxc5
9.Be3 Qc7 10.Nf3 Bd7 11.O-O Bc6 12.Qc2 e5 13.Rfe1 f6 14.Rad1 b6 15.exd5 Nxd5
16.Nd4 Nxe3 17.Rxe3 Bc5 18.b4 Bxd4 19.cxd4 O-O-O 20.Ba6+ Kb8 21.Rc3 Rd6 22.d5
Rhd8 23.b5 {#r} 1-0

[Event "It (open) (b)"]
[Site "masterchessopen.com – Werfen (Austria)"]
[Round "5"]
[White "Zirngast Erhard (AUT)"]
[Black "Friedl Gerhard (AUT)"]
[Result "1-0"]
[WhiteElo "2050"]
[BlackElo "2005"]

1.e4 e6 2.d4 d5 3.Nd2 f5 4.exd5 exd5 5.Bd3 Nf6 6.Ngf3 Bd6 7.O-O O-O 8.Ne5 c6
9.Re1 Ne4 10.Qh5 Qb6 11.Nxe4 fxe4 12.Rxe4 Rf5 13.Qe8+ Rf8 14.Qh5 Rf5 15.Bg5
dxe4 16.Qe8+ Rf8 17.Bc4+ {#r} 1-0

[Event "It (open)"]
[Site "masterchessopen.com – Bruchkoebel (Germany)"]
[Round "0"]
[White "Kartmann Juergen (GER)"]
[Black "Boehle Reinard (GER)"]
[Result "1-0"]
[WhiteElo "2055"]
[BlackElo "2108"]

1.e4 e6 2.d4 d5 3.Nd2 Nc6 4.c3 e5 5.exd5 Qxd5 6.Ngf3 Bg4 7.Qa4 exd4 8.Bc4 Qa5
9.Qb3 O-O-O 10.O-O Nh6 11.Bb5 dxc3 12.Bxc6 bxc6 13.bxc3 Rd3 14.Rb1 Rxc3
15.Qb8+ Kd7 16.Re1 Be6 17.Nc4 Rxc4 18.Ne5+ Ke7 19.Bg5+ f6 20.Nxc4 Qd5 21.Qxc7+
Qd7 22.Rxe6+ Kxe6 23.Re1+ Kf5 24.Qxd7+ Kxg5 {#r} 1-0

[Event "Tournament"]
[Site "masterchessopen.com – Edmonton (Canada)"]
[Round "6"]
[White "Ottosen David (CAN)"]
[Black "Beaulieu K"]
[Result "1-0"]
[WhiteElo "2133"]
[BlackElo "1605"]

1.e4 e6 2.d4 d5 3.Nd2 Bb4 4.c3 Ba5 5.Qa4+ Nc6 6.Bb5 Ne7 7.Qxa5 Bd7 8.Qa4 a6
9.Bxc6 Bxc6 10.Qc2 O-O 11.e5 f6 12.Ndf3 Qe8 13.h4 Qg6 14.Qxg6 hxg6 15.Ne2 Kf7
16.g4 Ke8 17.g5 f5 18.Nf4 Rh8 19.Nxe6 Kf7 20.Nf4 {#r} 1-0

[Event "Liga South Baden"]
[Site "masterchessopen.com – Germany"]
[Round "0"]
[White "Schmider Bernd (GER)"]
[Black "Kappler Jean-Marie (FRA)"]
[Result "1-0"]
[WhiteElo "2173"]
[BlackElo "2220"]

1.e4 e6 2.d4 d5 3.Nd2 Be7 4.e5 c5 5.c3 Nc6 6.Ndf3 cxd4 7.cxd4 Qb6 8.Bd3 Nh6
9.Ne2 Nf5 10.O-O h6 11.a3 Kf8 12.Bc2 Bd7 13.g4 Nh4 14.Nxh4 Bxh4 15.f4 Bd8
16.Kg2 h5 17.h3 g6 18.f5 hxg4 19.fxg6 Rxh3 20.Rxf7+ Kg8 21.Qf1 Bh4 22.Rg7+
{#r} 1-0

[Event "It (open) \"]
[Site "masterchessopen.com – Mlada Boleslav (Czech Republic)"]
[Round "0"]
[White "Rehak Martin (CZE)"]
[Black "Totsky Leonid (RUS)"]
[Result "0-1"]
[WhiteElo "2129"]
[BlackElo "2425"]

1.e4 e6 2.d4 d5 3.Nd2 b6 4.Ngf3 Nf6 5.exd5 Qxd5 6.Bd3 Bb7 7.O-O c5 8.c4 Qd8
9.Nb3 Be7 10.Bg5 Nbd7 11.Re1 O-O 12.Ne5 cxd4 13.Qe2 Nxe5 14.Qxe5 Nd7 15.Bxe7
Nxe5 16.Bxh7+ Kxh7 17.Bxd8 Nd3 18.Red1 Nxb2 19.Rd2 Nxc4 20.Rxd4 Rfxd8 21.Rxc4
Rac8 22.Rxc8 Rxc8 23.Rd1 Bd5 {#R} 0-1

[Event "It (open)"]
[Site "masterchessopen.com – Ostend (Belgium)"]
[Round "3"]
[White "De Sousa Jose-Claude (FRA)"]
[Black "Schmittdiel Eckhard (GER)"]
[Result "0-1"]
[WhiteElo "2262"]
[BlackElo "2450"]

1.e4 e6 2.d4 d5 3.Nd2 f5 4.exf5 exf5 5.Bd3 Nf6 6.Ndf3 Be7 7.Ne2 O-O 8.O-O c6
9.c4 Ne4 10.Ne5 Nd7 11.f3 Nxe5 12.dxe5 Bc5+ 13.Kh1 Nf2+ 14.Rxf2 Bxf2 15.b3 Qe7
16.f4 Be6 17.Qf1 dxc4 18.bxc4 Rad8 19.Bc2 Qc5 20.Bb3 Be3 21.Ng3 Bxc1 22.Rxc1
Rd2 {#R} 0-1

[Event "It (open)"]
[Site "masterchessopen.com – Le Touquet (France)"]
[Round "0"]
[White "Leroy Didier (FRA)"]
[Black "Attal Maxence (FRA)"]
[Result "1-0"]
[WhiteElo "2275"]
[BlackElo "1957"]

1.e4 e6 2.d4 d5 3.Nd2 b6 4.Ngf3 Bb7 5.Bd3 dxe4 6.Nxe4 Nf6 7.Neg5 Bxf3 8.Qxf3
Qd5 9.Be4 Qd8 10.Bxa8 Qxd4 11.O-O h6 12.Rd1 Qc5 13.Be3 Qb5 14.Rd8+ Kxd8
15.Nxf7+ Ke7 16.Nxh8 {#r} 1-0

[Event "Cup Croatia (w)"]
[Site "masterchessopen.com – Pula (Croatia)"]
[Round "0"]
[White "Videkovic Marina (CRO)"]
[Black "Medic Mirjana (CRO)"]
[Result "0-1"]
[WhiteElo "1907"]
[BlackElo "2251"]

1.e4 e6 2.d4 d5 3.Nd2 a6 4.Bd3 c5 5.exd5 exd5 6.Ngf3 c4 7.Be2 Nf6 8.O-O Bd6
9.Ne5 Qc7 10.c3 O-O 11.h3 Bf5 12.Ng4 Nbd7 13.Ne3 Be6 14.Bf3 b5 15.b3 cxb3
16.axb3 Qxc3 17.Rb1 Qxd4 18.Bb2 Qf4 {#R} 0-1

[Event "Ch Slovakia (juniors) (under 18)"]
[Site "masterchessopen.com – Trnava (Slovakia)"]
[Round "6"]
[White "Dobias Richard (SVK)"]
[Black "Pcola Pavol (SVK)"]
[Result "0-1"]
[WhiteElo "2256"]
[BlackElo "2280"]

1.e4 e6 2.d4 d5 3.Nd2 b6 4.e5 Ba6 5.Bxa6 Nxa6 6.c3 Qd7 7.Qe2 Nb8 8.Nh3 c5
9.O-O Nc6 10.Qg4 cxd4 11.cxd4 h5 12.Qf4 Nge7 13.Nf3 Nf5 14.Bd2 O-O-O 15.Rab1
f6 16.exf6 gxf6 17.Bc3 Bh6 {#R} 0-1

[Event "It (open)"]
[Site "masterchessopen.com – Wattens (Austria)"]
[Round "1"]
[White "Gruber Michael (AUT)"]
[Black "Thielen Dankward (GER)"]
[Result "0-1"]
[WhiteElo "2141"]
[BlackElo "2111"]

1.e4 e6 2.d4 d5 3.Nd2 a6 4.c3 c5 5.e5 Nc6 6.Ngf3 Nh6 7.Bd3 Qb6 8.Nf1 cxd4
9.cxd4 Bd7 10.Bc2 Bb4+ 11.Ke2 Nf5 12.Bxf5 exf5 13.a3 Be7 14.Qd3 Nxe5 15.Qc3
Bb5+ 16.Kd1 Ba4+ 17.Ke1 Nxf3+ 18.gxf3 O-O 19.Qd3 Rfe8 20.Ne3 f4 21.Nxd5 Qa5+
22.Nc3 Bb5 23.Qd2 Bb4+ 24.Kd1 Ba4+ {#R} 0-1

[Event "It (open)"]
[Site "masterchessopen.com – Zalakaros (Hungary)"]
[Round "0"]
[White "Dancs Zsolt (HUN)"]
[Black "Horvath Lajos (HUN)"]
[Result "1-0"]
[WhiteElo "2156"]
[BlackElo "2185"]

1.e4 e6 2.d4 d5 3.Nd2 Nc6 4.Ngf3 Nge7 5.c3 Ng6 6.h4 h5 7.e5 Bd7 8.Nb3 f5
9.exf6 Qxf6 10.Bg5 Qf7 11.Bd3 Be7 12.Bxe7 Ngxe7 13.Ng5 Qf6 14.Nc5 g6 15.Rh3 e5
16.Nxd7 Kxd7 17.Rf3 Qg7 18.Rf7 Qg8 19.Bb5 e4 20.Qb3 Rf8 21.Qxd5+ Kc8 22.Qe6+
Kd8 23.Bxc6 {#r} 1-0

[Event "It (open)"]
[Site "masterchessopen.com – Copenhagen (Denmark)"]
[Round "1"]
[White "Wells Peter K (ENG)"]
[Black "Petersen Soren Boeck (DEN)"]
[Result "1-0"]
[WhiteElo "2545"]
[BlackElo "2230"]

1.e4 e6 2.d4 d5 3.Nd2 b6 4.Ngf3 dxe4 5.Nxe4 Bb7 6.Bb5+ c6 7.Bc4 Nf6 8.Neg5 Bd6
9.Qe2 Qc7 10.Ne5 Bxe5 11.dxe5 Nfd7 12.Bf4 c5 13.O-O-O Nf8 14.Ne4 h6 15.Nd6+
Ke7 16.Qg4 Ng6 17.Bxe6 fxe6 18.Qxg6 Kf8 19.Nxb7 {#r} 1-0

[Event "It (open) \"]
[Site "masterchessopen.com – Leipzig (Germany)"]
[Round "1"]
[White "Georgi Johannes (GER)"]
[Black "Engel Markus"]
[Result "1-0"]
[WhiteElo "2057"]
[BlackElo "1388"]

1.e4 e6 2.d4 d5 3.Nd2 Nd7 4.e5 c5 5.c3 cxd4 6.cxd4 Bb4 7.a3 Bxd2+ 8.Bxd2 Ne7
9.Bd3 Qb6 10.Bc3 Nf8 11.Qd2 h6 12.Ba5 Qc6 13.Rc1 Qd7 14.Rc7 Qd8 15.Rxb7 Bxb7
16.Bxd8 Rxd8 17.Ne2 {#r} 1-0

[Event "It (open)"]
[Site "masterchessopen.com – Moscow (Russia)"]
[Round "4"]
[White "Losev Dmitry (RUS)"]
[Black "Petrov Oleg A (RUS)"]
[Result "1-0"]
[WhiteElo "2315"]
[BlackElo "2161"]

1.e4 e6 2.d4 d5 3.Nd2 a6 4.Ngf3 Bd7 5.Be2 dxe4 6.Nxe4 Bc6 7.Ng3 Nf6 8.O-O Nbd7
9.c4 Be7 10.Qc2 O-O 11.b3 b6 12.Bb2 Ra7 13.Rad1 Re8 14.Ne5 Nxe5 15.dxe5 Nd7
16.f4 Qa8 17.Bf3 Nf8 18.f5 Bh4 19.Bh5 Rd8 20.Rxd8 Bxd8 21.f6 Ng6 {#r} 1-0

[Event "Ch Yugoslavia (w) (1/2 final)"]
[Site "masterchessopen.com – Nis (Yugoslavia)"]
[Round "8"]
[White "Stajic Snezana (SRB)"]
[Black "Todorovic Violeta (SRB)"]
[Result "0-1"]
[WhiteElo "2046"]
[BlackElo "2152"]

1.e4 e6 2.d4 d5 3.Nd2 a6 4.e5 Bd7 5.a4 c5 6.Ngf3 Nc6 7.c3 cxd4 8.cxd4 Qb6
9.Nb3 Bb4+ 10.Ke2 Nge7 11.g3 Rc8 12.Bg2 Na5 13.Nxa5 Qxa5 14.Bd2 Nc6 15.b3 O-O
16.Rc1 b5 17.Rc5 Nxd4+ 18.Nxd4 Rxc5 19.Nc2 Bxd2 20.Qxd2 Qxd2+ 21.Kxd2 bxa4
22.bxa4 Bxa4 {#R} 0-1

[Event "Ch Europe (juniors) (under 10) (g)"]
[Site "masterchessopen.com – Verdun (France)"]
[Round "1"]
[White "Andriasian Siranush (ARM)"]
[Black "Wolfangel Florence (FRA)"]
[Result "1-0"]
[WhiteElo "2220"]
[BlackElo "1908"]

1.e4 e6 2.d4 d5 3.Nd2 Be7 4.e5 c5 5.Ngf3 cxd4 6.Nxd4 Nd7 7.N2f3 Bc5 8.Be3 Ne7
9.Bd3 O-O 10.O-O a6 11.Ng5 h6 12.Qh5 Nxe5 13.Bh7+ Kh8 14.Ndxe6 Bxe6 15.Bxc5
Rc8 16.Bd4 N7g6 17.Nxe6 fxe6 18.Bxg6 Nxg6 19.Qxh6+ {#r} 1-0

[Event "It (open) (2)"]
[Site "masterchessopen.com – Dallas (USA)"]
[Round "5"]
[White "Lein Anatoly (USA)"]
[Black "Bradford Joseph M (USA)"]
[Result "0-1"]
[WhiteElo "2450"]
[BlackElo "2455"]

1.e4 e6 2.d4 d5 3.Nd2 a6 4.Ngf3 Nf6 5.e5 Nfd7 6.Bd3 c5 7.c3 Nc6 8.O-O Be7
9.Re1 g5 10.h3 h5 11.g4 hxg4 12.hxg4 b5 13.Nf1 Nb6 14.Kg2 Bb7 15.Ng3 Qc7
16.Be3 Nc4 17.Qe2 O-O-O 18.Rh1 N4xe5 19.dxe5 Nxe5 20.Bf4 gxf4 21.Nxe5 Bd6
22.Nxf7 Qxf7 23.Rxh8 Rxh8 24.Nh5 c4 {#R} 0-1

[Event "It (open) \"]
[Site "masterchessopen.com – Gausdal (Norway)"]
[Round "7"]
[White "Olkinuora Hannu (FIN)"]
[Black "Tjomsland Stig (NOR)"]
[Result "0-1"]
[WhiteElo "1625"]
[BlackElo "2220"]

1.e4 e6 2.d4 d5 3.Nd2 b6 4.Bd3 Ba6 5.Qe2 Bxd3 6.Qxd3 Nf6 7.e5 Nfd7 8.Ne2 c5
9.Nf3 Nc6 10.Be3 Qc7 11.c3 cxd4 12.cxd4 Nb4 13.Qd1 Nc2+ 14.Kf1 Nxa1 15.Qxa1
Be7 16.g3 O-O 17.Kg2 Rac8 18.h4 Qc2 19.Nc3 f6 20.h5 fxe5 21.dxe5 Rxc3 22.bxc3
Qe4 23.Qd1 Nxe5 24.Rh4 Bxh4 25.gxh4 Rxf3 {#R} 0-1

[Event "It (open) \"]
[Site "masterchessopen.com – Litomysl (Czech Republic)"]
[Round "3"]
[White "Vaculik Martin (CZE)"]
[Black "Staszko Martin (CZE)"]
[Result "0-1"]
[WhiteElo "2247"]
[BlackElo "2056"]

1.e4 e6 2.d4 d5 3.Nd2 b6 4.Ne2 Be7 5.e5 Ba6 6.f4 h5 7.Nf3 Nh6 8.Qd2 c5 9.b3
Nc6 10.Bb2 Rc8 11.h3 Nf5 12.O-O-O Qc7 13.Rh2 h4 14.Kb1 Bxe2 15.Qxe2 cxd4
16.Bxd4 Ng3 17.Qb5 O-O 18.Bf2 Nb4 19.c4 Ne4 20.Be1 a6 21.Qa4 b5 22.Qa3 Nd3
23.Qxa6 Nxe1 {#R} 0-1

[Event "Ch Switzerland (team)"]
[Site "masterchessopen.com – Switzerland"]
[Round "5"]
[White "Donev Ivo (AUT)"]
[Black "Ernst Rolf (GER)"]
[Result "1-0"]
[WhiteElo "2400"]
[BlackElo "2188"]

1.e4 e6 2.d4 d5 3.Nd2 Ne7 4.Ngf3 c5 5.dxc5 Qa5 6.Bd3 Qxc5 7.O-O Nbc6 8.a3 Bd7
9.b4 Qc3 10.Rb1 Ne5 11.Bb2 Nxf3+ 12.Nxf3 Qc7 13.Be5 Qb6 14.exd5 exd5 15.Re1 f6
16.Bd4 Qc7 17.Rc1 Rc8 18.c4 b6 19.c5 Qb7 20.Qe2 Rd8 21.c6 {#r} 1-0

[Event "It (open) (b)"]
[Site "masterchessopen.com – Zaragoza (Spain)"]
[Round "0"]
[White "Baron Rodriguez Jesus (ESP)"]
[Black "Peric Slavisa (SRB)"]
[Result "1-0"]
[WhiteElo "2270"]
[BlackElo "2365"]

1.e4 e6 2.d4 d5 3.Nd2 b6 4.Ngf3 Nf6 5.Bd3 Ba6 6.Bxa6 Nxa6 7.exd5 exd5 8.Qe2+
Qe7 9.Ne5 Nb8 10.O-O c6 11.Re1 Kd8 12.Ndf3 h6 13.b4 Ne4 14.b5 Qb7 15.bxc6 Nxc6
16.Nxc6+ Qxc6 17.Ne5 Qb7 18.Qf3 Nf6 19.Bf4 Rc8 20.c4 Rc7 21.c5 bxc5 22.Rab1
Qa6 23.Rb8+ Rc8 24.Nxf7+ Kd7 25.Qh3+ {#r} 1-0

[Event "Ch Pan-American (under 26)"]
[Site "masterchessopen.com – Buenos Aires (Argentina)"]
[Round "6"]
[White "Suasnabar Jesus (PER)"]
[Black "Oliva Daniel (CHI)"]
[Result "1-0"]
[WhiteElo "1969"]
[BlackElo "2147"]

1.e4 e6 2.d4 d5 3.Nd2 b6 4.c3 Qd7 5.Ngf3 Bd6 6.e5 Be7 7.Bd3 Ba6 8.Nf1 c5
9.Bxa6 Nxa6 10.Qe2 Qa4 11.Ng3 cxd4 12.Nxd4 O-O-O 13.b3 Qa5 14.O-O Kb7 15.Qc2
Qc5 16.Be3 Qc7 17.a4 Qxe5 18.a5 Bc5 19.b4 Bxd4 20.Bxd4 Qg5 21.axb6 Ra8 22.Rxa6
{#r} 1-0

[Event "It (open) \"]
[Site "masterchessopen.com – Copenhagen (Denmark)"]
[Round "6"]
[White "Arnarsson Hrannar (ISL)"]
[Black "Mayers Dan E (USA)"]
[Result "0-1"]
[WhiteElo "2109"]
[BlackElo "1900"]

1.e4 e6 2.d4 d5 3.Nd2 Nc6 4.c3 dxe4 5.Nxe4 e5 6.Bb5 f5 7.Bxc6+ bxc6 8.Nc5 Bxc5
9.dxc5 Qe7 10.b4 Be6 11.Nf3 Bc4 12.Nd2 Rd8 13.Qf3 Bd5 14.Qxf5 Bxg2 15.Rg1 Bd5
16.Rg5 Be6 17.Rxg7 Bxf5 18.Rxe7+ Kxe7 {#R} 0-1

[Event "It (open) \"]
[Site "masterchessopen.com – Copenhagen (Denmark)"]
[Round "10"]
[White "Maechel Michael (DEN)"]
[Black "Mayers Dan E (USA)"]
[Result "0-1"]
[WhiteElo "1773"]
[BlackElo "1900"]

1.e4 e6 2.d4 d5 3.Nd2 Nc6 4.c3 dxe4 5.Nxe4 e5 6.d5 Nce7 7.Bc4 c6 8.d6 Nf5
9.Ng5 Ngh6 10.Qb3 Nxd6 11.N1f3 Nxc4 12.Qxc4 Qd5 13.Qxd5 cxd5 14.Nxe5 f6 15.Bf4
fxg5 16.Bxg5 Nf7 17.Nxf7 Kxf7 18.O-O-O Be6 19.Be3 g6 20.Bd4 Bf5 21.Be5 Bh6+
22.f4 Rhe8 23.Rxd5 Rxe5 24.Rhd1 Bxf4+ {#R} 0-1

[Event "It (open)"]
[Site "masterchessopen.com – Largs (Scotland)"]
[Round "5"]
[White "Mannion Stephen R (SCO)"]
[Black "Paul Reinhart (GER)"]
[Result "1-0"]
[WhiteElo "2370"]
[BlackElo "2100"]

1.e4 e6 2.d4 d5 3.Nd2 Be7 4.Ngf3 Nf6 5.e5 Ne4 6.Bd3 Nxd2 7.Bxd2 c5 8.c3 Nc6
9.O-O Qb6 10.dxc5 Qc7 11.b4 Nxe5 12.Nxe5 Qxe5 13.Bb5+ Kf8 14.Re1 Qc7 15.Qf3 g5
16.Be3 Kg7 17.Bd4+ f6 18.Re3 h5 19.Rae1 g4 20.Qe2 e5 21.Rxe5 {#r} 1-0

[Event "Ch Russia (juniors) (under 10) (g)"]
[Site "masterchessopen.com – Rybinsk (Russia)"]
[Round "5"]
[White "Zabiran Mariya (RUS)"]
[Black "Cherenkova Kristina (RUS)"]
[Result "1-0"]
[WhiteElo "2071"]
[BlackElo "2258"]

1.e4 e6 2.d4 d5 3.Nd2 b6 4.Bd3 Ba6 5.Bxa6 Nxa6 6.Ngf3 Nb8 7.O-O c5 8.c3 Nc6
9.Re1 Nge7 10.exd5 Nxd5 11.c4 Nf6 12.d5 Nd4 13.Nxd4 cxd4 14.dxe6 fxe6 15.Rxe6+
Be7 16.Nf3 Kf7 17.Ng5+ Kg8 18.c5 Bxc5 19.b4 Bf8 20.Rxf6 Qd5 21.Qf3 Qd8 22.Qb3+
{#r} 1-0

[Event "Ch Europe (juniors) (under 12)"]
[Site "masterchessopen.com – Tallinn (Estonia)"]
[Round "1"]
[White "Manescu Tiberiu (ROM)"]
[Black "Piotrovski Ksystof (LTU)"]
[Result "1-0"]
[WhiteElo "2402"]
[BlackElo "2016"]

1.e4 e6 2.d4 d5 3.Nd2 Nc6 4.Ngf3 dxe4 5.Nxe4 Qd5 6.Bd3 e5 7.dxe5 Nxe5 8.Nxe5
Qxe5 9.O-O Be7 10.Re1 Be6 11.Ng5 Qd5 12.Nxe6 fxe6 13.Qg4 O-O-O 14.Bc4 Qa5
15.Qxe6+ Kb8 16.Be3 Qb4 17.c3 Qa5 {#r} 1-0

[Event "Ch Europe (juniors) (under 12)"]
[Site "masterchessopen.com – Tallinn (Estonia)"]
[Round "5"]
[White "Shanava Konstantine (GEO)"]
[Black "Riazantsev Alexander (RUS)"]
[Result "0-1"]
[WhiteElo "2562"]
[BlackElo "2275"]

1.e4 e6 2.d4 d5 3.Nd2 b6 4.Ngf3 Nf6 5.Bd3 Ba6 6.Qe2 Bxd3 7.Qxd3 Be7 8.O-O O-O
9.b3 Nc6 10.a3 dxe4 11.Nxe4 Qd5 12.Nxf6+ Bxf6 13.Bb2 Rfd8 14.Rad1 Ne7 15.Rd2
Nf5 16.Rfd1 Rd6 17.c4 Qb7 {#R} 0-1

[Event "Ch Europe (juniors) (under 14)"]
[Site "masterchessopen.com – Tallinn (Estonia)"]
[Round "2"]
[White "Grigoriants Sergey (RUS)"]
[Black "Drozdovskij Yuri (UKR)"]
[Result "1-0"]
[WhiteElo "2290"]
[BlackElo "2616"]

1.e4 e6 2.d4 d5 3.Nd2 a6 4.Bd3 c5 5.dxc5 Bxc5 6.exd5 exd5 7.Ngf3 Ne7 8.O-O O-O
9.Nb3 Bb6 10.Ng5 g6 11.Qf3 Nbc6 12.Re1 Qd6 13.Bf4 Qf6 14.c3 Bf5 15.Bxf5 Qxf5
16.g4 Qf6 17.Be3 Qxf3 {#r} 1-0

[Event "Ch Europe (juniors) (under 14)"]
[Site "masterchessopen.com – Tallinn (Estonia)"]
[Round "6"]
[White "Grigoriants Sergey (RUS)"]
[Black "Svoboda Svatopluk (CZE)"]
[Result "1-0"]
[WhiteElo "2290"]
[BlackElo "2285"]

1.e4 e6 2.d4 d5 3.Nd2 b6 4.e5 c5 5.c3 Qd7 6.Ndf3 Ne7 7.Bd3 Ba6 8.Bb1 Ng6 9.h4
cxd4 10.h5 dxc3 11.hxg6 cxb2 12.gxf7+ Kxf7 13.Bxb2 Qb5 14.Bc3 Qf1+ 15.Kd2
Qxf2+ 16.Ne2 Bc5 17.Bd3 Qe3+ {#r} 1-0

[Event "It (open)"]
[Site "masterchessopen.com – Villa Ballester (Argentina)"]
[Round "4"]
[White "Fiorito Fabian (ARG)"]
[Black "Feige Jorge Luis (ARG)"]
[Result "1-0"]
[WhiteElo "2465"]
[BlackElo "2109"]

1.e4 e6 2.d4 d5 3.Nd2 Nc6 4.Ngf3 e5 5.Bb5 exd4 6.Nxd4 Bd7 7.Nxc6 bxc6 8.Bd3
Bc5 9.O-O Nf6 10.e5 Ng4 11.Nf3 h5 12.h3 Nh6 13.Qe2 Nf5 14.e6 Ng3 15.exd7+ Kf8
16.Qe8+ Qxe8 17.dxe8=Q+ Rxe8 18.Re1 Rxe1+ 19.Nxe1 {#r} 1-0

[Event "It (open)"]
[Site "masterchessopen.com – Wijk aan Zee (Netherlands)"]
[Round "4"]
[White "Xie Jun (CHN)"]
[Black "Vedder Henk (NED)"]
[Result "0-1"]
[WhiteElo "2495"]
[BlackElo "2350"]

1.e4 e6 2.d4 d5 3.Nd2 Ne7 4.e5 c5 5.c3 Nbc6 6.Ndf3 cxd4 7.cxd4 Qb6 8.Bd3 Bd7
9.Ne2 Nb4 10.Bb1 Bb5 11.a3 Qa6 12.Nf4 Ng6 13.Nxg6 hxg6 14.Bg5 Rc8 15.Bxg6 fxg6
16.axb4 Bxb4+ 17.Bd2 Bxd2+ 18.Kxd2 Qb6 19.Qb3 Rc4 20.Ke3 Rh4 21.Nxh4 Qxd4+
22.Ke2 Rb4+ {#R} 0-1

[Event "It (open)"]
[Site "masterchessopen.com – Kona (USA)"]
[Round "4"]
[White "Wagner Richard (AUT)"]
[Black "Luchan Jason (USA)"]
[Result "1-0"]
[WhiteElo "1984"]
[BlackElo "2109"]

1.e4 e6 2.d4 d5 3.Nd2 Nc6 4.c3 e5 5.Ngf3 exd4 6.Nxd4 Nxd4 7.cxd4 dxe4 8.Nxe4
Nf6 9.Bd3 Be7 10.O-O O-O 11.Qc2 h6 12.Be3 c6 13.Rad1 Bg4 14.f3 Bc8 15.Qf2 Qd5
16.Bxh6 gxh6 17.Qg3+ Kh8 18.Qf4 Nxe4 19.Qxh6+ Kg8 20.Bxe4 {#r} 1-0

[Event "Ch Czech Republic (juniors) (under 20)"]
[Site "masterchessopen.com – Lazne Bohdanec (Czech Republic)"]
[Round "0"]
[White "Majer Jiri (CZE)"]
[Black "Rozmbersky David (CZE)"]
[Result "1-0"]
[WhiteElo "2235"]
[BlackElo "2207"]

1.e4 e6 2.d4 d5 3.Nd2 Nc6 4.c3 e5 5.exd5 Qxd5 6.Ngf3 exd4 7.Bc4 Qh5 8.cxd4 Bd6
9.Ne4 Nge7 10.O-O Bg4 11.Nxd6+ cxd6 12.Be2 Qd5 13.h3 Bh5 14.Bf4 O-O 15.Rc1
Qxa2 16.Bxd6 Rad8 17.Ba3 Bxf3 18.Bxf3 Rxd4 19.Qe2 Rd7 20.Bxc6 bxc6 21.Bxe7 Re8
22.Rcd1 Rxd1 23.Rxd1 {#r} 1-0

[Event "It (open)"]
[Site "masterchessopen.com – Pardubice (Czech Republic)"]
[Round "5"]
[White "Afonin Alexander (RUS)"]
[Black "Krouzel Jaroslav (CZE)"]
[Result "0-1"]
[WhiteElo "2029"]
[BlackElo "2310"]

1.e4 e6 2.d4 d5 3.Nd2 Nc6 4.c3 e5 5.exd5 Qxd5 6.Ngf3 Bg4 7.Bc4 Qd7 8.Qb3 O-O-O
9.Nxe5 Nxe5 10.dxe5 Qf5 11.Qb5 c6 12.Qa5 Qe4+ 13.Kf1 Qxc4+ {#R} 0-1